name the composer for the piano composition 1 - Statistics

General Stats
  • This quiz has been taken 420 times
    306 since last reset
  • The average score is 10 of 16
Answer Stats
Hint Answer % Correct
Turkish March, from Piano Sonata No.11 in A major, K.331 Mozart
97%
Piano Sonata No. 14 in C-sharp minor, Op.27-2 "Moonlight" Beethoven
96%
Black Keys Etude Chopin
95%
Minuet No.3 in G major, BWV 114 Bach
91%
Hungarian Rhapasodies Liszt
84%
Arabesque No.1 Debussy
78%
Hungarian Dances Brahms
68%
Gymnopedie 1 Satie
67%
Prelude Op.3-2 Rachmaninoff
60%
Impromptu in E-flat major Op.90-2 Schubert
58%
Traumerei, Op.15-7, from Kinderszenen Schumann
57%
The Seasons, Op.37a, (The Months) Tchaikovsky
49%
Gypsy Rondo, from Piano Trio No.39 in G major Haydn
41%
Humoresque, Op.101 Dvorak
35%
Tango, Op.165 Albeniz
13%
La Prive Dune Vierge Badarzewska
2%
No matching quizzes found
Score Distribution
Percent of People with Each Score
Percentile by Number Answered
Your Score History
You have not taken this quiz since the last reset